|
|
|
|
| LEADER |
00000njm a2200000 a 4500 |
| 001 |
vtls008417755 |
| 003 |
SK-MaSNL |
| 005 |
20260331205237.0 |
| 007 |
sd fsngnnmmned |
| 008 |
051212s2005 xo ppn g a s slo |
| 015 |
|
|
|a SNBZSJ2005
|
| 028 |
0 |
1 |
|a 987 433-6
|b Universal Music
|
| 040 |
|
|
|a SNK
|b slo
|c SNK
|e AACR2
|
| 041 |
0 |
|
|d slo
|d eng
|
| 044 |
|
|
|a xr
|c CZ
|
| 072 |
|
7 |
|a 784
|x Vokálna hudba
|2 konspekt
|
| 080 |
|
|
|a 784.4
|2 2001
|
| 080 |
|
|
|a (086.76)
|2 2001
|
| 100 |
1 |
|
|a Tásler, Ivan,
|d 1979-
|4 cmp
|4 itr
|9 98872
|
| 245 |
1 |
0 |
|a IMT Smile. Diamant
|h zvukový záznam
|b [to najlepšie od IMT Smile]
|c [hudba: Ivan Tásler]
|
| 246 |
3 |
0 |
|a Diamant
|
| 260 |
|
|
|a [Praha]
|b Universal Music
|c 2005
|
| 300 |
|
|
|a 2 zvukové platne
|b digital, stereo
|c 12 cm
|e 1 brožúra
|
| 500 |
|
|
|a Obsahujú 26 piesní. Bonus track: Diamant (Diamond) č. 14/1
|
| 511 |
0 |
|
|a Účinkuje hudobná skupina IMT Smile
|
| 518 |
|
|
|a Nahraté v štúdiu Ivory
|
| 650 |
0 |
7 |
|a populárne piesne
|2 SNKPH
|9 3446
|
| 650 |
0 |
7 |
|a rock
|2 SNKPH
|9 3179
|
| 655 |
|
7 |
|a kompaktné platne
|2 SNKPH
|9 70690
|
| 710 |
2 |
|
|a IMT Smile (hudobná skupina)
|4 prf
|9 30455
|
| 999 |
|
|
|c 565006
|d 566936
|
| 952 |
|
|
|a SNK
|b SNK
|y PREZ
|7 0
|p 17A0493156
|o snkSCD 1756/1
|i snk2005/21022
|8 3
|g 11.95
|0 0
|1 0
|4 0
|d 2005-12-12
|l 0
|r 2026-02-23 13:55:06
|w 2026-02-23
|
| 952 |
|
|
|a SNK
|b SNK
|y PREZ
|7 0
|p 17A0493155
|o snkSCD 1756/2
|i snk2005/21023
|8 3
|0 0
|1 0
|4 0
|d 2005-12-12
|l 0
|r 2026-02-23 13:55:06
|w 2026-02-23
|